000 00516nam a2200181 a 4500
001 1690
005 20140414131904.0
008 001110s19uu xx 00 eng d
020 _a0-7497-2331-9
050 _aFIC
_bB83 1994
100 _aBruce, Lisa
245 _aNani's holiday /
_cLisa Bruce ; illustrated by Paul Howard.
260 _aLondon :
_bMammoth,
_c1994.
300 _a122 p. ; cm.
500 _aThe sequel to the very popular "Jazera's Journey"
650 _aFriendship - Fiction.
999 _c110848
_d110848